ARRUPE JESUIT UNIVERSITY

CORONAVIRUS -STOP THE SPREAD - CLEAN,DISINFECT,COVER

Macbeth (Record no. 124724)

MARC details
000 -LEADER
fixed length control field 00459nam a22001577a 4500
008 - FIXED-LENGTH DATA ELEMENTS--GENERAL INFORMATION
fixed length control field 160427b xxu||||| |||| 00| 0 eng d
020 ## - INTERNATIONAL STANDARD BOOK NUMBER
International Standard Book Number 0-14-077008-9
050 ## - LIBRARY OF CONGRESS CALL NUMBER
Classification number PR2823.C779
100 ## - MAIN ENTRY--PERSONAL NAME
Personal name Shakespeare, William
9 (RLIN) 15960
245 ## - TITLE STATEMENT
Title Macbeth
Statement of responsibility, etc / William Shakespeare
260 ## - PUBLICATION, DISTRIBUTION, ETC. (IMPRINT)
Place of publication, distribution, etc England
Name of publisher, distributor, etc Penguin Books
Date of publication, distribution, etc 1984
300 ## - PHYSICAL DESCRIPTION
Extent 96p. ;
Dimensions 20cm.
440 ## - SERIES STATEMENT/ADDED ENTRY--TITLE
Title Penguin passnotes
9 (RLIN) 24150
600 ## - SUBJECT ADDED ENTRY--PERSONAL NAME
Personal name Shakespeare, William
Titles and other words associated with a name Macbeth
9 (RLIN) 24151
942 ## - ADDED ENTRY ELEMENTS (KOHA)
Source of classification or shelving scheme Library of Congress Classification
Item type Monograph ( Printed materials)
Holdings
Withdrawn status Lost status Source of classification or shelving scheme Damaged status Not for loan Collection code Home library Current library Shelving location Date acquired Total Checkouts Full call number Barcode Date last seen Date last borrowed Price effective from Koha item type
    Library of Congress Classification     Main Collection ARRUPE LIBRARY ARRUPE LIBRARY Main Collection 27/04/2016 1 PR2823.C779 46500006443 06/06/2022 31/03/2022 27/04/2016 Monograph ( Printed materials)

 

Arrupe Library. PO Box MP320 Mt Pleasant, Harare, Zimbabwe
263 242 745411|librarian@aju.ac.zw